| 000 | 02798nam0a2200397 4500 | ||
|---|---|---|---|
| 001 | RU\NLR\bibl\1066968 | ||
| 005 | 20250615042324.0 | ||
| 021 |
_aRU _b2007-9442 _9501 |
||
| 035 | _a(nilc)RSL-KNO-003046186 | ||
| 035 | _a(NLR Aleph) 001054219 | ||
| 090 |
_a897855 _c897855 |
||
| 100 | _a20070301d2005 |||y0rusy50 ca | ||
| 101 | 0 | _arus | |
| 102 | _aRU | ||
| 105 | _ay ||||||||| | ||
| 106 | _ar | ||
| 200 | 1 |
_aТеоретические основы изучения непроизводных междометий _eучебное пособие _fЛ.К. Парсиева _gСев.-Осет. ин-т гуманит. и социал. исслед. им. В.И. Абаева, ВНЦ РАН и Правительства РСО-Алания, Сев.-Осет. гос. пед. ин-т |
|
| 210 |
_aВладикавказ _cполиграфический центр Северо-Осетинского государственного университета _d2005 |
||
| 215 |
_a79 с. _d21 |
||
| 320 | _aБиблиогр.: с. 68-79 | ||
| 606 | 1 |
_aРусский язык _jУчебные издания для высших учебных заведений _xМеждометие _xСравнительное изучение _xОсетинский язык _92470110 _3RU\NLR\auth\661467135 |
|
| 606 | 1 |
_aОсетинский язык _jУчебные издания для высших учебных заведений _xМеждометие _xСравнительное изучение _xРусский язык _92470111 _3RU\NLR\auth\661467136 |
|
| 610 | 0 | _aФилологические науки. Художественная литература -- Языкознание -- Индоевропейские языки -- Иранские языки -- Новоиранские языки -- Восточноиранская группа языков -- Осетинский язык -- Грамматика -- Морфология -- Части речи -- Междометие | |
| 610 | 0 | _aФилологические науки. Художественная литература -- Языкознание -- Индоевропейские языки -- Славянские языки -- Восточнославянские языки -- Русский язык -- Грамматика -- Морфология -- Части речи -- Междометие | |
| 686 |
_aШ152.323-212.93,0 _2rubbk |
||
| 686 |
_aШ141.2-212.93,0 _2rubbk |
||
| 686 | _aШ141.12-212.97вя7 | ||
| 686 | _aШ152.132.3-212.97вя7 | ||
| 700 | 1 |
_aПарсиева _bЛ. К. _gЛариса Касбулатовна _4070 |
|
| 801 | 0 |
_aRU _bРКП _c20070301 _grcr |
|
| 801 | 1 |
_aRU _bРГБ _c20070301 |
|
| 801 | 2 |
_aRU _bNLR _c20070402 _grcr |
|
| 942 | _cBOOK | ||
| 980 | _aNB | ||
| 980 | _aNBR | ||